Estudio de la calidad de la energía eléctrica en la Fabrica de Plásticos Modernos Dolores- Carazo

Presenta un estudio de la calidad de la energía en la fábrica de plásticos modernos la cual se ubica en la ciudad de Dolores, Carazo con la finalidad de conocer el comportamiento actual del sistema eléctrico y recomendar soluciones a los problemas de calidad de energía.

Bibliographic Details
Main Authors: Castro Rodríguez, Oliver Enoc, López, Morena Guadalupe
Other Authors: Tutor: Gónzalez Mena, Juan
Format: Tesis Section = Libro
Language:Undetermined
Spanish
Published: Managua UNI 2021
Subjects:
LEADER 01109nam a2200265Ia 4500
008 240830s9999 xx 000 0 und d
040 |a BIBLIOTECA-RUSB/ Mon 621.3121 C355 
041 |a spa 
082 |a Mon 621.3121 C355 
100 1 |a Castro Rodríguez, Oliver Enoc 
100 1 |b López, Morena Guadalupe 
245 1 0 |a Estudio de la calidad de la energía eléctrica en la Fabrica de Plásticos Modernos Dolores- Carazo 
260 |a Managua  |b UNI  |c 2021 
300 |a 54 p. :il. 
500 |a Incluye anexos y CD. 
502 |a Tesis (Ingeniero Electrónico) - UNI, 2021. 
520 3 |a Presenta un estudio de la calidad de la energía en la fábrica de plásticos modernos la cual se ubica en la ciudad de Dolores, Carazo con la finalidad de conocer el comportamiento actual del sistema eléctrico y recomendar soluciones a los problemas de calidad de energía. 
650 7 |a CALIDAD DE LA ENERGIA 
650 7 |b  SISTEMA ELECTRICO 
650 7 |c  CONTROL DE CALIDAD 
650 7 |d  CONSUMO ELECTRICO 
700 1 |a Tutor:  |b Gónzalez Mena, Juan 
942 |c BK  |2 ddc 
991 |a TESIS 
999 |c 22268